OBSTETRIC ANAESTHESIA / (Record no. 795138)

MARC details
000 -LEADER
fixed length control field 00361pam a2200145 a 4500
020 ## - INTERNATIONAL STANDARD BOOK NUMBER
International Standard Book Number 8178552167
Terms of availability
041 ## - LANGUAGE CODE
Language code of original
082 ## - DEWEY DECIMAL CLASSIFICATION NUMBER
Classification number 618.2
Item number GUP
100 ## - MAIN ENTRY--PERSONAL NAME
Personal name GUPTA, S .
245 ## - TITLE STATEMENT
Title OBSTETRIC ANAESTHESIA /
Statement of responsibility, etc. NULL.
Medium Textual Documents
260 ## - PUBLICATION, DISTRIBUTION, ETC.
Place of publication, distribution, etc. NULL :
Name of publisher, distributor, etc. ARYA PUB. ,
Date of publication, distribution, etc. 2004.
300 ## - PHYSICAL DESCRIPTION
Extent 779 : :
Other physical details xv ; ;
Dimensions A4 . +
Accompanying material PB.
650 ## - SUBJECT ADDED ENTRY--TOPICAL TERM
Topical term or geographic name entry element OBST.GYNE
930 ## - EQUIVALENCE OR CROSS-REFERENCE-UNIFORM TITLE HEADING [LOCAL, CANADA]
Uniform title 602
Holdings
Withdrawn status Lost status Damaged status Not for loan Collection Home library Current library Date acquired Source of acquisition Cost, normal purchase price Total Checkouts Full call number Barcode Date last seen Copy number Price effective from Koha item type Date due Date last checked out
          Medical College & Hospital, Sangli Medical College & Hospital, Sangli 28/11/2011 B.M.S.G.B.PUNE 525.00   618.2 GUP MCS-6664 26/07/2023 7 26/07/2023 Book    
          Medical College & Hospital, Sangli Medical College & Hospital, Sangli 28/11/2011 B.M.S.G.B.PUNE 525.00 1 618.2 GUP MCS-6663 06/10/2023 6 26/07/2023 Book 01/10/2043 06/10/2023
          Medical College & Hospital, Sangli Medical College & Hospital, Sangli 28/11/2011 B.M.S.G.B.PUNE 525.00   618.2 GUP MCS-6662 26/07/2023 5 26/07/2023 Book    
          Medical College & Hospital, Sangli Medical College & Hospital, Sangli 28/11/2011 525.00   618.2 GUP MCS-2253 04/11/2025 4 26/07/2023 Book    
          Medical College & Hospital, Sangli Medical College & Hospital, Sangli 28/11/2011 525.00 1 618.2 GUP MCS-2252 06/10/2023 3 26/07/2023 Book 01/10/2043 06/10/2023
          Medical College & Hospital, Sangli Medical College & Hospital, Sangli 28/11/2011 525.00   618.2 GUP MCS-2251 26/07/2023 2 26/07/2023 Book    
          Medical College & Hospital, Sangli Medical College & Hospital, Sangli 28/11/2011 525.00 1 618.2 GUP MCS-2250 25/09/2025 1 26/07/2023 Book   06/10/2023